000 01199nam0a22002771 4500
001 rc\3479242
005 20260407092038.0
021 _aRU
_b[74-82394]
035 _a(NLR Aleph) 007643950
090 _a6156073
_c6156073
100 _a20130115d1974 |||y0rusy50 ca
101 0 _arus
102 _aRU
105 _aa z |||||
200 1 _aНекоторые методологические проблемы сельскохозяйственной науки
_eСборник науч. трудов
_f[Ред. коллегия: доц. Н.В. Суровый (отв. ред.) и др.]
_gМ-во сел. хоз-ва СССР. Одес. с.-х. ин-т
210 _aОдесса
_cБ. и.
_d1974
215 _a84 с., 1 л. табл.
_d20
320 _aСписок лит.: с. 19-20 (14 назв.)
606 _aСельскохозяйственная наука
_xМетодология
_jСборники
_2psbo
702 1 _aСуровый
_bН.В.
_4340
712 0 2 _aОдесский сельскохозяйственный институт
_3RU\NLR\AUTH\8818054
_9309308
801 0 _aRU
_bNLR
_gpsbo
801 1 _aRU
_bELAR
_2rusmarc
852 _aNLR
_j74-4/25720
942 _cBOOK
980 _aNB